|
|
|
|
| LEADER |
02516njm a2200553 i 4500 |
| 001 |
001575976 |
| 003 |
CZ BrMZK |
| 005 |
20170606151213.0 |
| 007 |
sd fungnnmmned |
| 008 |
170511t20152015xr mcnng f n cze |
| 015 |
|
|
|a cnb002783983
|
| 024 |
0 |
|
|a CZ-126-15-00001-00024
|
| 040 |
|
|
|a BOA001
|b cze
|e rda
|
| 043 |
|
|
|a e-xr---
|
| 045 |
|
|
|a x-x-
|
| 072 |
|
7 |
|a 782
|x Divadelní hudba. Opera, opereta, muzikál
|2 Konspekt
|9 9
|
| 080 |
|
|
|a 782.9
|2 MRF
|
| 080 |
|
|
|a 821.113.6-1
|2 MRF
|
| 080 |
|
|
|a (0:82-192)
|2 MRF
|
| 080 |
|
|
|a (086.76)
|2 MRF
|
| 100 |
1 |
|
|a Fuciman, Ondřej
|7 jo2015896770
|4 cmp
|4 itr
|
| 245 |
1 |
0 |
|a Agadir /
|c Artur Lundkvist, Ondřej Fuciman
|
| 264 |
|
1 |
|a [Brno] :
|b Agadir,
|c [2015]
|
| 264 |
|
4 |
|c ©2015
|
| 300 |
|
|
|a 1 CD audio ;
|c 12 cm
|
| 336 |
|
|
|a hraná hudba
|b prm
|2 rdacontent
|
| 337 |
|
|
|a audio
|b s
|2 rdamedia
|
| 338 |
|
|
|a audiodisk
|b sd
|2 rdacarrier
|
| 344 |
|
|
|a digital
|b optical
|2 rda
|
| 347 |
|
|
|a audio soubor
|b CD audio
|2 rda
|
| 500 |
|
|
|a Název z disku
|
| 500 |
|
|
|a "Literární předloha Artur Lundkvist, překlad Josef B. Michl a Antonín Přidal, hudba Ondřej Fuciman"--Pouzdro
|
| 505 |
0 |
|
|a Předehra -- Holubice -- Znamení -- První varování -- Mrtvá velryba -- Druhé varování -- Čekalo se -- Postavy bez nářku -- Třetí varování -- Vteřiny delší než život -- Čas -- Černo, více černa -- Člověk člověku -- Čtvrté varování -- Cizinci -- Nikde tam nebyl Bůh -- Pekař -- Žena ve vaně -- Svatební den -- Snad jednou trosky ožijí -- Živá smrt -- Agadire, sbohem -- Město Agadir -- Agadir nikdy již zlomený
|
| 511 |
0 |
|
|a V podání členů Divadla hudby a poezie Agadir
|
| 518 |
|
|
|o Nahráno:
|d 2015
|p Studio Agadir
|
| 648 |
|
7 |
|a 20. století
|7 ch460558
|
| 650 |
0 |
7 |
|a melodramy
|z Česko
|y 20. století
|7 ph122749
|2 czenas
|
| 655 |
|
7 |
|a švédská poezie
|7 fd183832
|2 czenas
|
| 655 |
|
7 |
|a zhudebněná poezie
|7 fd133869
|2 czenas
|
| 655 |
|
7 |
|a kompaktní disky
|7 fd201991
|2 czenas
|
| 700 |
1 |
|
|a Lundkvist, Artur,
|d 1906-1991
|7 ola2003169706
|4 aut
|
| 700 |
1 |
|
|a Michl, Josef B.,
|d 1918-2001
|7 jk01081483
|4 trl
|
| 700 |
1 |
|
|a Přidal, Antonín,
|d 1935-2017
|7 jk01101555
|4 trl
|
| 710 |
2 |
|
|a Divadlo hudby a poezie Agadir
|7 osa2012711785
|4 prf
|
| 910 |
|
|
|a BOA001
|b CDR-1384.965
|
| 990 |
|
|
|a AV
|
| 991 |
|
|
|b 201706
|
| 996 |
6 |
|
|b 2610706675
|c CDR-1384.965
|l MZK
|r Sklad / do 24 hodin
|n 0
|p p.v.
|w 001611278
|u 000010
|a 1
|e BOA001
|j MZK50
|s P
|
| 996 |
6 |
|
|b 2610706676
|c CDR-1384.965
|l MZK
|r Sklad / do 24 hodin
|n 0
|p p.v.
|w 001611278
|u 000020
|a 1
|e BOA001
|j MZK50
|s P
|